[Event "Helsingor Xtracon op"]
[Site "Helsingor"]
[Date "2018.07.26"]
[Round "7"]
[White "O'Gorman, Pippa"]
[Black "Kharraziha, Hamid"]
[Result "1/2-1/2"]
[WhiteElo "1231"]
[BlackElo "1502"]
[PlyCount "71"]
[EventDate "2018.07.21"]
[EventType "swiss"]
[EventRounds "10"]
[EventCountry "DEN"]
[SourceTitle "CBM 185 Extra"]
[Source "ChessBase"]
[SourceDate "2018.07.29"]
[SourceVersion "1"]
[SourceVersionDate "2018.07.29"]
[SourceQuality "1"]

1. d4 d5 2. Bf4 Nf6 3. e3 e6 4. c3 Bd6 5. Bg3 Nbd7 6. Bd3 e5 7. dxe5 Nxe5 8. Nf3 Qe7 9. 0-0 Nxf3+ 10. Qxf3 Bg4 11. Bxd6 Qxd6 12. Qg3 Qxg3 13. hxg3 0-0 14. Nd2 Rad8 15. Nb3 b6 16. Nd4 c5 17. Nc6 Rd7 18. Ne5 Rd6 19. b4 Be6 20. bxc5 bxc5 21. Rab1 c4 22. Bc2 Ne4 23. Bxe4 dxe4 24. f4 f6 25. f5 fxe5 26. fxe6 Rxf1+ 27. Kxf1 Rxe6 28. Rb8+ Kf7 29. Rb7+ Re7 30. Rb4 Rc7 31. Kf2 Ke6 32. g4 g5 33. Ke2 Kd6 34. Ra4 Kc5 35. Ra5+ Kd6 36. Ra4 1/2-1/2

[Event "Lund op"]
[Site "Lund"]
[Date "2017.04.11"]
[Round "7"]
[White "Franzen, Per Erik"]
[Black "Kharraziha, Hamid"]
[Result "1-0"]
[WhiteElo "1908"]
[BlackElo "1490"]
[PlyCount "45"]
[EventDate "2017.02.07"]
[EventType "swiss"]
[EventRounds "7"]
[EventCountry "SWE"]
[SourceTitle "EXT 2019"]
[Source "ChessBase"]
[SourceDate "2018.10.10"]
[SourceVersion "1"]
[SourceVersionDate "2018.10.10"]
[SourceQuality "1"]

1. d4 d5 2. c4 c6 3. Nf3 Nf6 4. e3 e6 5. Bd3 Bd6 6. 0-0 0-0 7. Qe2 Nbd7 8. Nc3 dxc4 9. Bxc4 b5 10. Bd3 Bb7 11. e4 e5 12. d5 a6 13. dxc6 Bxc6 14. Rd1 Qe7 15. Bg5 h6 16. Bh4 Qe6 17. a4 Nc5 18. Bxf6 Qxf6 19. axb5 axb5 20. Bxb5 Bxb5 21. Nxb5 Rad8 22. b4 Nb3 23. Ra6 1-0

[Event "Helsingor Xtracon op"]
[Site "Helsingor"]
[Date "2016.07.25"]
[Round "4"]
[White "Kharraziha, Hamid"]
[Black "Rasmussen, Jonas H"]
[Result "1/2-1/2"]
[WhiteElo "1427"]
[BlackElo "1805"]
[PlyCount "75"]
[EventDate "2016.07.23"]
[EventType "swiss"]
[EventRounds "10"]
[EventCountry "DEN"]
[SourceTitle "CBM 173 Extra"]
[Source "ChessBase"]
[SourceDate "2016.08.29"]
[SourceVersion "1"]
[SourceVersionDate "2016.08.29"]
[SourceQuality "1"]

1. e4 e5 2. Nc3 Nf6 3. f4 d6 4. Nf3 Nc6 5. Bb5 Bd7 6. d4 exd4 7. Nxd4 Nxd4 8. Bxd7+ Qxd7 9. Qxd4 Be7 10. 0-0 0-0 11. f5 Ng4 12. Nd5 c6 13. Nxe7+ Qxe7 14. h3 Ne5 15. f6 gxf6 16. Rf5 Kg7 17. Qe3 Ng6 18. Qh6+ Kg8 19. Rh5 Rfd8 20. Qxh7+ Kf8 21. Bh6+ Ke8 22. Re1 Kd7 23. Rf5 Nh4 24. Bf8 Nf3+ 25. Rxf3 Rxf8 26. Qf5+ Qe6 27. b3 Rae8 28. Qxf6 Qe5 29. Qf5+ Re6 30. Qxe5 Rxe5 31. Rf5 Re6 32. c4 a6 33. a4 Ke7 34. Re3 Rg8 35. g4 Rh6 36. Rg3 Re6 37. Re3 Rh6 38. Rg3 1/2-1/2